[Event "Oberliga Nord N 1415"]
[Site "Germany"]
[Date "2014.09.21"]
[Round "1.4"]
[White "Richter, Maik"]
[Black "Moshtael, Wesal"]
[Result "0-1"]
[WhiteElo "2216"]
[BlackElo "2200"]
[PlyCount "52"]
[EventDate "2014.09.21"]
[EventType "team-tourn"]
[EventRounds "9"]
[EventCountry "GER"]
[SourceTitle "EXT 2016"]
[Source "ChessBase"]
[SourceDate "2015.10.08"]
[SourceVersion "1"]
[SourceVersionDate "2015.10.08"]
[SourceQuality "1"]
[WhiteTeam "Hamburg St Pauli"]
[BlackTeam "Eppendorf Johanneum"]
[WhiteTeamCountry "GER"]
[BlackTeamCountry "GER"]

1. c4 Nf6 2. g3 e6 3. Bg2 d5 4. Nf3 Be7 5. b3 0-0 6. 0-0 b6 7. e3 Bb7 8. Qe2 c5 9. Nc3 Nc6 10. Bb2 Qd7 11. cxd5 Nxd5 12. Nxd5 Qxd5 13. Rfd1 Rfd8 14. d4 cxd4 15. e4 d3 16. Qe3 Qb5 17. Bf1 Nb4 18. Nd4 Qg5 19. f4 Qg6 20. Bg2 Bc5 21. Rac1 Nc2 22. Rxc2 dxc2 23. Rc1 Qh5 24. Bf3 Rxd4 25. Kg2 Rad8 26. Bxd4 Bxd4 0-1

[Event "Lueneburg op"]
[Site "Lueneburg"]
[Date "2014.08.14"]
[Round "6"]
[White "Ovsejevitsch, Sergei"]
[Black "Moshtael, Wesal"]
[Result "1-0"]
[WhiteElo "2567"]
[BlackElo "2200"]
[PlyCount "65"]
[EventDate "2014.08.09"]
[EventType "swiss"]
[EventRounds "9"]
[EventCountry "GER"]
[SourceTitle "CBM 161 Extra"]
[Source "ChessBase"]
[SourceDate "2014.08.29"]
[SourceVersion "1"]
[SourceVersionDate "2014.08.29"]
[SourceQuality "1"]

1. d4 Nf6 2. c4 e6 3. Nf3 Bb4+ 4. Nbd2 0-0 5. g3 b6 6. Bg2 Bb7 7. 0-0 Bxd2 8. Qxd2 d6 9. b3 Nbd7 10. Bb2 Qe7 11. Rfd1 Be4 12. Qc3 Rfe8 13. Rac1 a5 14. Bf1 a4 15. b4 c5 16. Ba3 Rec8 17. Qe3 Bb7 18. bxc5 bxc5 19. dxc5 Nxc5 20. Nd4 Ng4 21. Qf4 h5 22. Nb5 e5 23. Qf5 g6 24. Qc2 Qf6 25. f3 Ne3 26. Rxd6 Ne6 27. Qd3 Nf5 28. Rb6 h4 29. g4 Bc6 30. gxf5 Qg5+ 31. Kh1 Nf4 32. Qe3 gxf5 33. Qg1 1-0

[Event "Lueneburg op"]
[Site "Lueneburg"]
[Date "2014.08.13"]
[Round "5"]
[White "Moshtael, Wesal"]
[Black "Fuchs, Judith"]
[Result "1-0"]
[WhiteElo "2200"]
[BlackElo "2293"]
[PlyCount "111"]
[EventDate "2014.08.09"]
[EventType "swiss"]
[EventRounds "9"]
[EventCountry "GER"]
[SourceTitle "CBM 161 Extra"]
[Source "ChessBase"]
[SourceDate "2014.08.29"]
[SourceVersion "1"]
[SourceVersionDate "2014.08.29"]
[SourceQuality "1"]

1. e4 c5 2. Nf3 d6 3. d4 cxd4 4. Nxd4 Nf6 5. Nc3 Nc6 6. Bg5 e6 7. Qd2 Bd7 8. Ndb5 Qa5 9. Bxf6 gxf6 10. Nxd6+ Bxd6 11. Qxd6 0-0-0 12. 0-0-0 Ne5 13. Be2 Rhg8 14. g3 Rge8 15. Qd4 a6 16. Qe3 Qb4 17. a3 Qe7 18. f4 Nc6 19. Qb6 Nb8 20. Rd4 Bc6 21. Rhd1 Nd7 22. Qa5 Qc5 23. Qxc5 Nxc5 24. Rxd8+ Rxd8 25. Rxd8+ Kxd8 26. Bd3 Ke7 27. Kd2 Kf8 28. Ke3 Kg7 29. b4 Nd7 30. b5 axb5 31. Bxb5 Bxb5 32. Nxb5 Kf8 33. Nd6 b6 34. Nc8 Ke8 35. Kd4 Kd8 36. Nd6 Ke7 37. Nc4 Kd8 38. a4 Kc7 39. e5 fxe5+ 40. Nxe5 Nc5 41. Nxf7 Nxa4 42. Ng5 Kd6 43. Nxh7 Nc5 44. Ng5 Na6 45. h4 Nb4 46. c3 Nc6+ 47. Ke4 Ke7 48. Nf3 Kf6 49. g4 Ne7 50. c4 Nc8 51. h5 b5 52. g5+ Ke7 53. cxb5 Nd6+ 54. Ke5 Nxb5 55. Nd4 Nc7 56. g6 1-0

[Event "Lueneburg op"]
[Site "Lueneburg"]
[Date "2014.08.12"]
[Round "4"]
[White "Simantsev, Mikhail"]
[Black "Moshtael, Wesal"]
[Result "1/2-1/2"]
[WhiteElo "2448"]
[BlackElo "2200"]
[PlyCount "47"]
[EventDate "2014.08.09"]
[EventType "swiss"]
[EventRounds "9"]
[EventCountry "GER"]
[SourceTitle "CBM 161 Extra"]
[Source "ChessBase"]
[SourceDate "2014.08.29"]
[SourceVersion "1"]
[SourceVersionDate "2014.08.29"]
[SourceQuality "1"]

1. d4 Nf6 2. c4 e6 3. Nc3 Bb4 4. a3 Bxc3+ 5. bxc3 c5 6. e3 b6 7. Bd3 Bb7 8. f3 Nc6 9. Nh3 0-0 10. 0-0 d6 11. Bb2 Na5 12. e4 e5 13. d5 Ba6 14. Qe2 Nh5 15. Bc1 Nb3 16. Rb1 Nxc1 17. Rbxc1 Bc8 18. g4 Qh4 19. Kg2 g6 20. Qf2 Qxf2+ 21. Rxf2 Ng7 22. Ng1 f5 23. h3 h5 24. exf5 1/2-1/2

[Event "Lueneburg op"]
[Site "Lueneburg"]
[Date "2014.08.11"]
[Round "3"]
[White "Moshtael, Wesal"]
[Black "Welling, Gerard J"]
[Result "1-0"]
[WhiteElo "2200"]
[BlackElo "2351"]
[PlyCount "57"]
[EventDate "2014.08.09"]
[EventType "swiss"]
[EventRounds "9"]
[EventCountry "GER"]
[SourceTitle "CBM 161 Extra"]
[Source "ChessBase"]
[SourceDate "2014.08.29"]
[SourceVersion "1"]
[SourceVersionDate "2014.08.29"]
[SourceQuality "1"]

1. d4 e6 2. e4 b6 3. Bd3 Bb7 4. Qe2 g6 5. Nf3 Bg7 6. 0-0 Ne7 7. Nbd2 d6 8. c3 Nd7 9. Rd1 a6 10. a4 h6 11. e5 d5 12. a5 c5 13. axb6 cxd4 14. Nb3 Nc6 15. Nbxd4 Ncxe5 16. Nxe5 Nxe5 17. Bxa6 Qxb6 18. Bb5+ Ke7 19. Be3 Qc7 20. Nb3 Nd7 21. Qg4 Rxa1 22. Rxa1 Bc6 23. Ra7 Qd8 24. Qb4+ Ke8 25. Na5 Bf8 26. Qa4 Bxb5 27. Qxb5 Rh7 28. Bf4 g5 29. Bc1 1-0

[Event "BL2-Nord 1314"]
[Site "Germany"]
[Date "2013.10.13"]
[Round "1.4"]
[White "Gruenberg, Hans Ulrich"]
[Black "Moshtael, Wesal"]
[Result "1-0"]
[WhiteElo "2384"]
[BlackElo "2210"]
[PlyCount "81"]
[EventDate "2013.10.13"]
[EventType "team-tourn"]
[EventRounds "9"]
[EventCountry "GER"]
[SourceTitle "EXT 2015"]
[Source "ChessBase"]
[SourceDate "2014.11.20"]
[SourceVersion "1"]
[SourceVersionDate "2014.11.20"]
[SourceQuality "1"]
[WhiteTeam "Rostock"]
[BlackTeam "Eppendorf"]
[WhiteTeamCountry "GER"]
[BlackTeamCountry "GER"]

1. d4 Nf6 2. c4 g6 3. Nc3 Bg7 4. e4 d6 5. Nf3 0-0 6. Be2 e5 7. Be3 exd4 8. Nxd4 Re8 9. f3 c6 10. Bf2 d5 11. exd5 cxd5 12. 0-0 Nc6 13. c5 Re5 14. Re1 Qf8 15. Ncb5 Bd7 16. a3 Nh5 17. g3 Rae8 18. b4 a6 19. Nxc6 Rxe2 20. Rxe2 Rxe2 21. Qxe2 Bxa1 22. Ne7+ Kh8 23. Bd4+ Bxd4+ 24. Nxd4 Be6 25. Qe5+ Ng7 26. Qf6 Qe8 27. Kg2 Qd7 28. h4 h5 29. Nxe6 Qxe6 30. Qxe6 fxe6 31. Nxg6+ Kg8 32. g4 Kf7 33. Nf4 hxg4 34. fxg4 Ne8 35. Kf3 Nf6 36. Nd3 Ne4 37. Kf4 Kf6 38. g5+ Kf7 39. Ke5 Nd2 40. a4 Kg7 41. b5 1-0

[Event "Oberliga Nord N 1213"]
[Site "Germany"]
[Date "2013.03.17"]
[Round "8.5"]
[White "Moshtael, Wesal"]
[Black "Dietz, Juergen"]
[Result "1-0"]
[WhiteElo "2200"]
[BlackElo "2202"]
[PlyCount "49"]
[EventDate "2012.10.14"]
[EventType "team-tourn"]
[EventRounds "9"]
[EventCountry "GER"]
[SourceTitle "EXT 2015"]
[Source "ChessBase"]
[SourceDate "2014.11.20"]
[SourceVersion "1"]
[SourceVersionDate "2014.11.20"]
[SourceQuality "1"]
[WhiteTeam "Eppendorf"]
[BlackTeam "Hamburg Schachfreunde"]
[WhiteTeamCountry "GER"]
[BlackTeamCountry "GER"]

1. d4 f5 2. Bg5 h6 3. Bh4 c5 4. e4 Qb6 5. Nd2 cxd4 6. exf5 Nf6 7. Bd3 Qxb2 8. Ngf3 Nc6 9. 0-0 Qb6 10. Re1 d6 11. Rb1 Qc7 12. Nc4 Kd8 13. Qd2 Bd7 14. Qf4 Nd5 15. Qxd6 Nc3 16. Rb3 b5 17. Nxd4 Nxd4 18. Qxd4 bxc4 19. Rxc3 Qb6 20. Qe4 Bc6 21. Qxc4 Rc8 22. Qe6 Qb4 23. Rc4 Qb7 24. Rd4+ Bd7 25. Bxe7+ 1-0

[Event "Oberliga Nord N 1213"]
[Site "Germany"]
[Date "2013.02.24"]
[Round "7.5"]
[White "Moshtael, Wesal"]
[Black "Pererva, Viktor"]
[Result "1-0"]
[WhiteElo "2200"]
[BlackElo "2015"]
[PlyCount "79"]
[EventDate "2012.10.14"]
[EventType "team-tourn"]
[EventRounds "9"]
[EventCountry "GER"]
[SourceTitle "EXT 2015"]
[Source "ChessBase"]
[SourceDate "2014.11.20"]
[SourceVersion "1"]
[SourceVersionDate "2014.11.20"]
[SourceQuality "1"]
[WhiteTeam "Eppendorf"]
[BlackTeam "Rostock"]
[WhiteTeamCountry "GER"]
[BlackTeamCountry "GER"]

1. Nf3 Nf6 2. c4 c6 3. Nc3 d5 4. e3 e6 5. b3 Nbd7 6. Bb2 Bd6 7. Qc2 0-0 8. Be2 Re8 9. d4 dxc4 10. Bxc4 b5 11. Be2 Bb7 12. 0-0 a6 13. a4 Rc8 14. Rad1 b4 15. Ne4 Nxe4 16. Qxe4 Nf6 17. Qb1 Qe7 18. e4 Bb8 19. e5 Nd7 20. Bc1 h6 21. Qe4 f5 22. Qf4 c5 23. Qg3 Kh7 24. h4 cxd4 25. Rxd4 Rc3 26. Bf4 Ba7 27. Rd3 Nc5 28. Rxc3 bxc3 29. h5 Qf7 30. Be3 Be4 31. Qg6+ Qxg6 32. hxg6+ Kxg6 33. Bxa6 Rd8 34. Rc1 Bd5 35. b4 Bb3 36. Nd4 Bxa4 37. Nxe6 Rd7 38. Rxc3 Kf7 39. Bc4 Ke7 40. Nxg7 1-0

[Event "Hamburg St Pauli op-A"]
[Site "Hamburg"]
[Date "2010.07.17"]
[Round "8"]
[White "Moshtael, Wesal"]
[Black "Moser, Till"]
[Result "1-0"]
[WhiteElo "2155"]
[BlackElo "2057"]
[PlyCount "69"]
[EventDate "2010.07.10"]
[EventType "swiss"]
[EventRounds "9"]
[EventCountry "GER"]
[SourceTitle "EXT 2013"]
[Source "ChessBase"]
[SourceDate "2012.11.22"]
[SourceVersion "1"]
[SourceVersionDate "2012.11.22"]
[SourceQuality "1"]

1. d4 e6 2. c4 b6 3. e4 Bb7 4. Bd3 f5 5. exf5 Bb4+ 6. Kf1 Nf6 7. Be3 0-0 8. a3 Be7 9. Nc3 c5 10. d5 b5 11. d6 Bxd6 12. fxe6 dxe6 13. Nxb5 Be7 14. Qe2 a6 15. Nc3 Nc6 16. Rd1 Qe8 17. Nf3 Ng4 18. Be4 Rb8 19. h3 Nxe3+ 20. fxe3 Ne5 21. Kg1 Bf6 22. Nd2 Bc6 23. Bxc6 Nxc6 24. Nde4 Qe7 25. Kh2 Be5+ 26. g3 Qc7 27. Rhf1 Rxf1 28. Rxf1 Ne7 29. Rf2 Nf5 30. Qf3 Rd8 31. Kg2 Rd3 32. Nd5 Qb8 33. Ne7+ Nxe7 34. Qf7+ Kh8 35. Qxe7 1-0

[Event "Hamburg St Pauli op-A"]
[Site "Hamburg"]
[Date "2010.07.13"]
[Round "4"]
[White "Moshtael, Wesal"]
[Black "Rudolph, Jens Erik"]
[Result "1-0"]
[WhiteElo "2155"]
[BlackElo "1997"]
[PlyCount "77"]
[EventDate "2010.07.10"]
[EventType "swiss"]
[EventRounds "9"]
[EventCountry "GER"]
[SourceTitle "EXT 2013"]
[Source "ChessBase"]
[SourceDate "2012.11.22"]
[SourceVersion "1"]
[SourceVersionDate "2012.11.22"]
[SourceQuality "1"]

1. d4 d5 2. c4 e6 3. Nf3 c5 4. cxd5 exd5 5. g3 Nf6 6. Bg2 Nc6 7. 0-0 Be7 8. dxc5 Bxc5 9. a3 a6 10. b4 Ba7 11. Bb2 0-0 12. Nbd2 Bg4 13. Nb3 Re8 14. Nbd4 Ne4 15. Rc1 Qd6 16. Nxc6 bxc6 17. Bd4 Bxf3 18. exf3 Ng5 19. Bxa7 Rxa7 20. Qa4 Rc8 21. Rfd1 Ne6 22. f4 Rcc7 23. Qa5 g6 24. Qb6 Qf8 25. Rxc6 Rab7 26. Qxa6 Ra7 27. Qb5 Rxa3 28. Bxd5 Qe8 29. Qc4 Rxc6 30. Qxc6 Qxc6 31. Bxc6 Rb3 32. b5 Rb4 33. Rd7 Nd4 34. Kg2 Rc4 35. Bd5 Rb4 36. Bxf7+ Kf8 37. Bd5 Nxb5 38. Rf7+ Ke8 39. Rb7 1-0

[Event "GER-ch U18"]
[Site "Willingen"]
[Date "2009.06.03"]
[Round "6"]
[White "Moshtael, Wesal"]
[Black "Haeusler, Felix"]
[Result "1-0"]
[WhiteElo "2133"]
[BlackElo "1990"]
[PlyCount "59"]
[EventDate "2009.05.30"]
[EventType "swiss"]
[EventRounds "9"]
[EventCountry "GER"]
[SourceTitle "CBM 130 Extra"]
[Source "ChessBase"]
[SourceDate "2009.07.02"]
[SourceVersion "2"]
[SourceVersionDate "2009.07.15"]
[SourceQuality "1"]

1. d4 Nf6 2. g3 d6 3. Bg2 g6 4. Nf3 Bg7 5. 0-0 0-0 6. c4 Nbd7 7. Nc3 c5 8. d5 a6 9. a4 Qc7 10. Qc2 Nb6 11. Nd2 e6 12. a5 Nbd7 13. e4 exd5 14. cxd5 b6 15. axb6 Nxb6 16. b3 Nfd7 17. Bb2 Ne5 18. Nd1 f5 19. f4 Ng4 20. h3 Nf6 21. e5 Nfxd5 22. exd6 Qxd6 23. Nc4 Nxc4 24. Bxg7 Nce3 25. Nxe3 Nxe3 26. Bxf8 Qe6 27. Qc3 Kxf8 28. Bxa8 Nxf1 29. Qxc5+ Kg7 30. Rxf1 1-0

[Event "GER-ch U18"]
[Site "Willingen"]
[Date "2009.05.31"]
[Round "2"]
[White "Moshtael, Wesal"]
[Black "Poetsch, Hagen"]
[Result "0-1"]
[WhiteElo "2133"]
[BlackElo "2281"]
[PlyCount "51"]
[EventDate "2009.05.30"]
[EventType "swiss"]
[EventRounds "9"]
[EventCountry "GER"]
[SourceTitle "CBM 130 Extra"]
[Source "ChessBase"]
[SourceDate "2009.07.02"]
[SourceVersion "2"]
[SourceVersionDate "2009.07.15"]
[SourceQuality "1"]

1. Nf3 d5 2. c4 d4 3. g3 Nc6 4. Bg2 e5 5. d3 Bc5 6. 0-0 Nge7 7. Nfd2 a5 8. Na3 0-0 9. Nb5 Be6 10. Ne4 Bb6 11. a3 h6 12. f4 f5 13. Nf2 e4 14. Qc2 e3 15. Nh3 a4 16. b4 axb3 17. Qxb3 Na5 18. Qb4 c6 19. c5 Nb3 20. cxb6 c5 21. Qe1 Qxb6 22. Nxd4 Nxa1 23. Nxe6 Qxe6 24. Bxb7 Rab8 25. Ba6 Qxa6 26. Bxe3 0-1

[Event "GER-ch U18"]
[Site "Willingen"]
[Date "2009.05.30"]
[Round "1"]
[White "Huschenbeth, Niclas"]
[Black "Moshtael, Wesal"]
[Result "1/2-1/2"]
[WhiteElo "2425"]
[BlackElo "2133"]
[PlyCount "80"]
[EventDate "2009.05.30"]
[EventType "swiss"]
[EventRounds "9"]
[EventCountry "GER"]
[SourceTitle "CBM 130 Extra"]
[Source "ChessBase"]
[SourceDate "2009.07.02"]
[SourceVersion "2"]
[SourceVersionDate "2009.07.15"]
[SourceQuality "1"]

1. e4 c6 2. d4 d5 3. Nc3 dxe4 4. Nxe4 Bf5 5. Ng3 Bg6 6. h4 h6 7. Nf3 Nd7 8. h5 Bh7 9. Bd3 Bxd3 10. Qxd3 e6 11. Bf4 Qa5+ 12. Bd2 Qc7 13. 0-0-0 Ngf6 14. Ne4 Be7 15. Kb1 0-0-0 16. g3 Nxe4 17. Qxe4 Nf6 18. Qe2 Bd6 19. c4 c5 20. Bc3 Rhe8 21. Ne5 cxd4 22. Bxd4 Bxe5 23. Bxe5 Qc5 24. f4 Qc6 25. Rhe1 Rxd1+ 26. Rxd1 Qe4+ 27. Qxe4 Nxe4 28. g4 f6 29. Bd4 a6 30. Kc2 e5 31. fxe5 fxe5 32. Bc3 Nf6 33. Rg1 Kd7 34. a4 Ke6 35. b4 Ne4 36. Rf1 Nf6 37. Rg1 Ne4 38. Rf1 Nf6 39. Rg1 Ne4 40. Rf1 Nf6 1/2-1/2

[Event "Hamburg-ch U20"]
[Site "Schoenhagen"]
[Date "2009.03.18"]
[Round "8"]
[White "Streich, Justus"]
[Black "Moshtael, Wesal"]
[Result "0-1"]
[WhiteElo "1776"]
[BlackElo "2133"]
[PlyCount "60"]
[EventDate "2009.03.12"]
[EventType "tourn"]
[EventRounds "11"]
[EventCountry "GER"]
[SourceTitle "EXT 2010"]
[Source "ChessBase"]
[SourceDate "2010.11.25"]
[SourceVersion "1"]
[SourceVersionDate "2010.11.25"]
[SourceQuality "1"]

1. e4 c5 2. Nf3 d6 3. Bb5+ Bd7 4. Bxd7+ Nxd7 5. 0-0 Ngf6 6. Re1 e6 7. c3 Be7 8. b3 0-0 9. Bb2 Ne5 10. d4 Nxf3+ 11. Qxf3 cxd4 12. cxd4 d5 13. e5 Ne4 14. Qg4 Qa5 15. Rf1 f5 16. exf6 Rxf6 17. f3 Raf8 18. Rc1 Rg6 19. Qxg6 hxg6 20. fxe4 dxe4 21. Nc3 Bg5 22. Rf1 Be3+ 23. Kh1 Rxf1+ 24. Rxf1 Bxd4 25. Rc1 e3 26. Ba1 Qe5 27. Rc2 Qf5 28. Rc1 Qd3 29. Bb2 Bxc3 30. Bxc3 e2 0-1

[Event "Hamburg-ch U20"]
[Site "Schoenhagen"]
[Date "2009.03.15"]
[Round "4"]
[White "Borgmeyer, Max"]
[Black "Moshtael, Wesal"]
[Result "0-1"]
[WhiteElo "2068"]
[BlackElo "2133"]
[PlyCount "87"]
[EventDate "2009.03.12"]
[EventType "tourn"]
[EventRounds "11"]
[EventCountry "GER"]
[SourceTitle "EXT 2010"]
[Source "ChessBase"]
[SourceDate "2010.11.25"]
[SourceVersion "1"]
[SourceVersionDate "2010.11.25"]
[SourceQuality "1"]

1. e4 c5 2. Nf3 d6 3. d4 cxd4 4. Nxd4 Nf6 5. Nc3 a6 6. Be3 e5 7. Nb3 Be6 8. f3 h5 9. Qd2 Nbd7 10. 0-0-0 Rc8 11. Kb1 b5 12. Qf2 Be7 13. Nd5 Nxd5 14. exd5 Bf5 15. Bd3 Bxd3 16. Rxd3 a5 17. g4 b4 18. Nd2 g6 19. b3 a4 20. Nc4 Rxc4 21. bxc4 Qc8 22. c5 dxc5 23. d6 c4 24. Rd5 Qc6 25. Rhd1 Bd8 26. f4 exf4 27. Bxf4 hxg4 28. Qe1+ Kf8 29. Qxb4 Bf6 30. Qb5 Qc8 31. Re1 Kg7 32. Re7 Qa8 33. Rxf7+ Kxf7 34. Qxd7+ Kg8 35. Qb5 Rh5 36. Rxh5 gxh5 37. d7 Qh1+ 38. Bc1 Qd1 39. Qc5 Kg7 40. Qc7 Kg6 41. Qxc4 Qxd7 42. Qe4+ Kg7 43. c4 Qd4 44. Qf4 0-1

[Event "Hamburg-ch U20"]
[Site "Schoenhagen"]
[Date "2009.03.13"]
[Round "2"]
[White "Moshtael, Wesal"]
[Black "Meyer Dunker, Paul"]
[Result "1-0"]
[WhiteElo "2133"]
[BlackElo "1929"]
[PlyCount "71"]
[EventDate "2009.03.12"]
[EventType "tourn"]
[EventRounds "11"]
[EventCountry "GER"]
[SourceTitle "EXT 2010"]
[Source "ChessBase"]
[SourceDate "2010.11.25"]
[SourceVersion "1"]
[SourceVersionDate "2010.11.25"]
[SourceQuality "1"]

1. Nf3 d5 2. d4 Nf6 3. g3 Bf5 4. Bg2 e6 5. 0-0 c6 6. c4 dxc4 7. Ne5 b5 8. a4 Be4 9. f3 Bxb1 10. Rxb1 Bd6 11. f4 Bxe5 12. fxe5 Nd5 13. e4 Nb4 14. axb5 Nd3 15. Be3 cxb5 16. Rxf7 Kxf7 17. Qh5+ Kg8 18. Bh3 Qe7 19. Bg5 Qd7 20. d5 Nc5 21. Rd1 Nba6 22. dxe6 Qe8 23. Qg4 h5 24. Qf5 g6 25. Qf3 Nxe6 26. Qf6 Nxg5 27. Qxg5 Nc5 28. Rd6 Kg7 29. e6 Rc8 30. Bf5 Rc7 31. e7 Rh6 32. Qf6+ Kh7 33. Rd8 gxf5 34. Qxf5+ Qg6 35. e8Q Qxf5 36. Qg8# 1-0

[Event "Hamburg-ch U20"]
[Site "Schoenhagen"]
[Date "2009.03.12"]
[Round "1"]
[White "Stellfeld, Tilman"]
[Black "Moshtael, Wesal"]
[Result "0-1"]
[WhiteElo "1745"]
[BlackElo "2133"]
[PlyCount "76"]
[EventDate "2009.03.12"]
[EventType "tourn"]
[EventRounds "11"]
[EventCountry "GER"]
[SourceTitle "EXT 2010"]
[Source "ChessBase"]
[SourceDate "2010.11.25"]
[SourceVersion "1"]
[SourceVersionDate "2010.11.25"]
[SourceQuality "1"]

1. d4 Nf6 2. c4 g6 3. Nc3 Bg7 4. e4 d6 5. f3 0-0 6. Bg5 a6 7. Qd2 Nbd7 8. Nh3 c5 9. d5 b5 10. cxb5 Qa5 11. Nf2 axb5 12. Nxb5 Qb6 13. Be2 Ba6 14. a4 Rfc8 15. Be3 Qb7 16. 0-0 Rab8 17. Rfb1 Nb6 18. Nd1 Nfd7 19. Ra2 Ne5 20. b3 c4 21. Ndc3 cxb3 22. Rxb3 Nbc4 23. Qc1 Qd7 24. Rc2 f5 25. Nd1 Nxe3 26. Rxe3 Bh6 27. Rxc8+ Rxc8 28. Qa1 Bxe3+ 29. Nxe3 Bxb5 30. axb5 Qc7 31. Qd4 f4 32. Nd1 Qc2 33. Kf1 Qb1 34. Kf2 Rc2 35. b6 Nd7 36. Qa4 Qxd1 37. Qa8+ Kf7 38. Qa6 Qd4+ 0-1

[Event "GER-chT U16"]
[Site "Uelzen"]
[Date "2007.12.30"]
[Round "7.1"]
[White "Kachibadze, Georg"]
[Black "Moshtael, Wesal"]
[Result "0-1"]
[WhiteElo "2085"]
[BlackElo "2113"]
[PlyCount "48"]
[EventDate "2007.12.27"]
[EventType "team-swiss"]
[EventRounds "7"]
[EventCountry "GER"]
[SourceTitle "EXT 2022"]
[Source "ChessBase"]
[SourceDate "2021.10.06"]
[SourceVersion "1"]
[SourceVersionDate "2021.10.06"]
[SourceQuality "1"]
[WhiteTeam "Berlin TuS Makkabi U16"]
[BlackTeam "Eppendorf Johanneum U16"]
[WhiteTeamCountry "GER"]
[BlackTeamCountry "GER"]

1. e4 c5 2. Nc3 Nc6 3. f4 e6 4. Nf3 Nge7 5. d3 d5 6. g3 dxe4 7. Nxe4 Nf5 8. Bg2 Be7 9. 0-0 Qc7 10. g4 Ncd4 11. Nxd4 Nxd4 12. f5 e5 13. f6 gxf6 14. Rxf6 Be6 15. Rxe6 fxe6 16. g5 0-0-0 17. Qg4 Kb8 18. a3 Rc8 19. Qg3 Rhf8 20. b4 Rf5 21. Nxc5 Bxc5 22. bxc5 Qa5 23. Be4 Qxc5 24. Qg2 Qc3 0-1

[Event "GER-chT U16"]
[Site "Uelzen"]
[Date "2007.12.27"]
[Round "1.1"]
[White "Zelbel, Patrick"]
[Black "Moshtael, Wesal"]
[Result "1-0"]
[WhiteElo "2227"]
[BlackElo "2113"]
[PlyCount "69"]
[EventDate "2007.12.27"]
[EventType "team-swiss"]
[EventRounds "7"]
[EventCountry "GER"]
[SourceTitle "EXT 2022"]
[Source "ChessBase"]
[SourceDate "2021.10.06"]
[SourceVersion "1"]
[SourceVersionDate "2021.10.06"]
[SourceQuality "1"]
[WhiteTeam "Brackel SF U16"]
[BlackTeam "Eppendorf Johanneum U16"]
[WhiteTeamCountry "GER"]
[BlackTeamCountry "GER"]

1. e4 c5 2. c3 Nf6 3. e5 Nd5 4. d4 cxd4 5. Qxd4 e6 6. Nf3 Nc6 7. Qe4 f5 8. Qe2 Be7 9. g3 0-0 10. Bg2 b6 11. 0-0 Qe8 12. Rd1 Bb7 13. c4 Nc7 14. b3 Rd8 15. Nc3 Ba8 16. Bb2 g5 17. Nd5 exd5 18. cxd5 g4 19. Ne1 Nxe5 20. Qxe5 Bf6 21. Qxc7 Bxb2 22. Rab1 Be5 23. Qxa7 Rf6 24. Nd3 f4 25. Re1 d6 26. gxf4 Qh5 27. fxe5 Rh6 28. Kf1 Rf8 29. Rb2 Qxh2 30. e6 Qxg2+ 31. Kxg2 Bxd5+ 32. f3 Rxf3 33. Nb4 Rhh3 34. Nxd5 Rhg3+ 35. Kh1 1-0

[Event "GER-chT Lands U20"]
[Site "Verden an der Aller"]
[Date "2007.10.01"]
[Round "4.4"]
[White "Moshtael, Wesal"]
[Black "Hingst, Silke"]
[Result "1-0"]
[WhiteElo "2113"]
[BlackElo "1552"]
[PlyCount "44"]
[EventDate "2007.09.29"]
[EventType "team-swiss"]
[EventRounds "7"]
[EventCountry "GER"]
[SourceTitle "CBM 120 Extra"]
[Source "ChessBase"]
[SourceDate "2007.11.01"]
[SourceVersion "1"]
[SourceVersionDate "2007.11.01"]
[SourceQuality "1"]
[WhiteTeam "Hamburg"]
[BlackTeam "Mecklenburg Vorpommern"]
[WhiteTeamCountry "GER"]
[BlackTeamCountry "GER"]

1. Nf3 f5 2. g3 Nf6 3. Bg2 g6 4. 0-0 Bg7 5. d4 0-0 6. c4 d6 7. Nc3 c6 8. b3 Qc7 9. Ba3 Re8 10. Rc1 e5 11. dxe5 dxe5 12. Bd6 Qa5 13. b4 Qb6 14. Qb3 e4 15. Ng5 c5 16. Bxc5 Qc7 17. Nb5 Qd8 18. Rfd1 Nbd7 19. Bd6 Nd5 20. h4 a6 21. c5 N7f6 22. Rxd5 Re6 1-0

[Event "GER-chT Lands U20"]
[Site "Verden an der Aller"]
[Date "2007.09.29"]
[Round "1.4"]
[White "Kotainy, Jens"]
[Black "Moshtael, Wesal"]
[Result "1/2-1/2"]
[WhiteElo "2032"]
[BlackElo "2113"]
[PlyCount "70"]
[EventDate "2007.09.29"]
[EventType "team-swiss"]
[EventRounds "7"]
[EventCountry "GER"]
[SourceTitle "CBM 120 Extra"]
[Source "ChessBase"]
[SourceDate "2007.11.01"]
[SourceVersion "1"]
[SourceVersionDate "2007.11.01"]
[SourceQuality "1"]
[WhiteTeam "Nordrhein Westfalen"]
[BlackTeam "Hamburg"]
[WhiteTeamCountry "GER"]
[BlackTeamCountry "GER"]

1. e4 c5 2. c3 Nf6 3. e5 Nd5 4. d4 cxd4 5. Nf3 e6 6. cxd4 d6 7. exd6 Bxd6 8. Nc3 Nxc3 9. bxc3 Qc7 10. Bd2 0-0 11. Bd3 Nd7 12. 0-0 b6 13. Re1 Bb7 14. h3 Rfe8 15. Qc2 Bxf3 16. gxf3 g6 17. Qb3 Bf4 18. Bxf4 Qxf4 19. Bb5 Red8 20. Rad1 Nf6 21. Bc4 Nd5 22. Re5 Qxf3 23. Rd3 Qf4 24. Bxd5 exd5 25. Rde3 Rd6 26. Rxd5 Rf6 27. Qc2 Rc8 28. Rde5 Kg7 29. Qd2 Rc4 30. Qe2 Rc7 31. Kg2 Rfc6 32. Qb2 Rf6 33. Qe2 Rfc6 34. Qb2 Rf6 35. Qe2 Rfc6 1/2-1/2

[Event "GER-chT Nord-West U20"]
[Site "Germany"]
[Date "2007.01.21"]
[Round "6"]
[White "Moshtael, Wesal"]
[Black "Schulenburg, Fabian"]
[Result "1/2-1/2"]
[WhiteElo "2113"]
[BlackElo "2137"]
[PlyCount "102"]
[EventDate "2006.09.24"]
[EventType "team"]
[EventRounds "9"]
[EventCountry "GER"]
[SourceTitle "EXT 2008"]
[Source "ChessBase"]
[SourceDate "2007.11.25"]
[SourceVersion "1"]
[SourceVersionDate "2007.11.25"]
[SourceQuality "1"]

1. Nf3 Nf6 2. d4 d5 3. c4 c6 4. Qc2 g6 5. Bf4 Bg7 6. e3 0-0 7. cxd5 Qa5+ 8. Qc3 Qxc3+ 9. Nxc3 Nxd5 10. Nxd5 cxd5 11. Bb5 Bd7 12. Bxd7 Nxd7 13. Rc1 Rfc8 14. Ke2 Kf8 15. h4 h5 16. Nd2 Bf6 17. Nb1 Nb6 18. g3 Ke8 19. b3 Kd7 20. a4 Rxc1 21. Rxc1 Rc8 22. Rxc8 Nxc8 23. Kd3 e6 24. Bg5 Bg7 25. f3 Nd6 26. e4 a6 27. Nc3 Kc6 28. Bf4 Bf8 29. Bc1 Ne8 30. Bg5 Bb4 31. Ne2 b5 32. axb5+ Kxb5 33. Bd2 Be7 34. Nc3+ Kc6 35. Na2 Kb5 36. Nc3+ Kc6 37. Na2 Kb5 38. Bf4 f6 39. Nc3+ Kc6 40. Ne2 g5 41. Bd2 gxh4 42. gxh4 f5 43. exf5 exf5 44. Nf4 Ng7 45. Ng6 Bf6 46. Be1 Ne6 47. Bf2 Kb5 48. Kc3 Ka5 49. Be3 Kb5 50. Bf2 Ka5 51. Be3 Kb5 1/2-1/2